Statistics for Countries Closest to Sint Maarten - 30 Second Sprint

Click here to take the quiz!

General Stats

  • This quiz has been taken 14 times
  • The average score is 11 of 20

Answer Stats

kmcountrymiles% Correct
905Haiti562
92%
1381Jamaica858
92%
126Antigua and Barbuda78
77%
1180Cuba733
77%
313Dominica194
77%
551Dominican Republic342
77%
69St Kitts and Nevis43
77%
552St Vincent and
the Grenadines
343
77%
488St Lucia303
69%
1093Bahamas679
62%
636Barbados395
62%
788Trinidad and Tobago490
54%
633Grenada394
46%
779Venezuela484
46%
903Curaçao561
23%
1105Guyana686
23%
961Aruba597
15%
1079Colombia671
15%
1491Suriname926
8%
1445Brazil898
0%

Score Distribution

Percentile by Number Answered

Percent of People with Each Score

Your Score History

You have not taken this quiz